000 00486nam a2200193Ia 4500
003 GCL
008 140319s9999 xx 000 0 eng d
040 _aGCL /
_cGCL
082 0 4 _a843
_bC S
100 1 _aCLARIN, LEOPOLDO ALAS DIT
245 1 0 _aSON FILS UNIQUE /
_cCLARIN, LEOPOLDO ALAS DIT
700 1 _aBLETON, CLAUDE
260 _a[S.N] :
_bFAYARD ،
_c1990
300 _a291 P
650 0 4 _aLITERATURE
650 0 4 _aFICTION
650 0 4 _aFRENCH LITERATURE
942 _2ddc
_cBK
999 _c24892
_d24892